000
00242nam a2200097Ia 4500
001
686104
005
20250826161530.0
008
250824s9999 xx 000 0 und d
245
0
_a
GENÇLERİ ANLAMAK
_c
HALUK YAVUZER
260
_b
REMZİ KİTABEVİ
999
_c
686104
_d
686104